Normal view
MARC view
- Noor Sohail Latif, Khola Saeed Raja, Syed Hasan Abbas
Entry Personal Name
001 - CONTROL NUMBER
- control field: 31086
003 - CONTROL NUMBER IDENTIFIER
- control field: NUST
005 - DATE AND TIME OF LATEST TRANSACTION
- control field: 20201001094838.0
008 - FIXED-LENGTH DATA ELEMENTS
- fixed length control field: 201001|| aca||aabn | a|a d
040 ## - CATALOGING SOURCE
- Original cataloging agency: NUST
- Transcribing agency: NUST
100 ## - HEADING--PERSONAL NAME
- Personal name: Noor Sohail Latif, Khola Saeed Raja, Syed Hasan Abbas
670 ## - SOURCE DATA FOUND
- Source citation: Work cat.: (NUST): Noor Sohail Latif, Khola Saeed Raja, Syed Hasan Abbas, Comparitive study of the impacts of magnetized and unmagnetized groundwater on irriagation system and agriculture , 2020
